000 00475nam a2200133 a 4500
008 120416s1965 ||||||||||||||||| || u
050 _aPR 6054. U56 D86
100 _aDu Maurier, Daphne
245 1 4 _aThe flight of the falcon
260 _aLondon
_bVictor Gollacz
_c1965
300 _a272 pages
350 _a0.00
995 _D0.00
_FCBU-MAIN LIBRARY (Kitwe)
_H1
_I3.00
_M1
_UAVAILABLE
_ZAnnex Low-Usage Collection
999 _c43629
_d43629